Chủ doanh nghiệp với các báo cáo tài chính : Sách chuyên khảo

Giới thiệu về báo cáo tài chính với chủ doanh nghiệp, những người nắm vai trò quản lí và điều hành doanh nghiệp, đồng thời đưa ra cách đọc và phân tích các báo cáo tài chính cho các chủ doanh nghiệp....

Popoln opis

Shranjeno v:
Bibliografske podrobnosti
Glavni avtor: Nguyễn, Trọng Cơ
Format: Knjiga
Jezik:Undetermined
Izdano: Hà Nội Tài chính 2015
Teme:
Oznake: Označite
Brez oznak, prvi označite!
Thư viện lưu trữ: Trung tâm Học liệu Trường Đại học Cần Thơ
LEADER 00965nam a2200217Ia 4500
001 CTU_203471
008 210402s9999 xx 000 0 und d
020 |c 198000 
082 |a 658.1512 
082 |b C460 
100 |a Nguyễn, Trọng Cơ 
245 0 |a Chủ doanh nghiệp với các báo cáo tài chính : 
245 0 |b Sách chuyên khảo 
245 0 |c Nguyễn Trọng Cơ 
260 |a Hà Nội 
260 |b Tài chính 
260 |c 2015 
520 |a Giới thiệu về báo cáo tài chính với chủ doanh nghiệp, những người nắm vai trò quản lí và điều hành doanh nghiệp, đồng thời đưa ra cách đọc và phân tích các báo cáo tài chính cho các chủ doanh nghiệp. 
650 |a Báo cáo tài chính,Ngân sách,Financial statements,Budget 
904 |i Tuyến 
980 |a Trung tâm Học liệu Trường Đại học Cần Thơ